000 00476cam a2200169 4500500
005 20260329003905.0
041 _afre
042 _adc
245 0 0 _aMaintenant
260 _c2017.
500 _a2
690 _aCynisme
690 _aDiogène
690 _aPierre Zaoui
786 0 _nPhilosophie magazine | 110 | 6 | 2017-06-01 | p. 44-47 | 1951-1787
856 4 1 _uhttps://shs.cairn.info/magazine-philosophie-magazine-2017-6-page-44?lang=fr&redirect-ssocas=7080
999 _c1828739
_d1828739